Albums made by the Caretaker - Statistics

General Stats
  • This quiz has been taken 9 times
    8 since last reset
  • The average score is 13 of 17
Answer Stats
Answer % Correct
An Empty Bliss Beyond This World
86%
Everywhere, an Empty Bliss
86%
Everywhere At The End Of Time: Stage 1
86%
Everywhere At The End Of Time: Stage 2
86%
Everywhere At The End Of Time: Stage 3
86%
Everywhere At The End Of Time: Stage 4
86%
Everywhere At The End Of Time: Stage 5
86%
Everywhere At The End Of Time: Stage 6
86%
Selected Memories From The Haunted Ballroom
86%
A Stairway To The Stars
71%
Deleted Scenes, Forgotten Dreams
71%
Extra Patience (After Sebald)
71%
Patience (After Sebald)
71%
Persistent Repetition of Phrases
71%
Additional Amnesiac Memories
57%
Theoretically Pure Anterograde Amnesia
57%
We'll All Go Riding on A Rainbow
57%
No matching quizzes found
Score Distribution
Percent of People with Each Score
Percentile by Number Answered
Your Score History
You have not taken this quiz since the last reset